Guidelines for Postrelease Mitigation Technology in the Chemical Process Industry
Salvato in:
| Natura: | Libro |
|---|---|
| Lingua: | inglese |
| Pubblicazione: |
New York
Center for Chemical Process Safety of the AICHE
1997
|
| Soggetti: | |
| Accesso online: | Visualizza in OPAC |
| Tags: |
Nessun Tag, puoi essere il primo ad aggiungerne!!
|
MARC
| LEADER | 00000nam a2200000 a 4500 | ||
|---|---|---|---|
| 005 | 20260127133926.0 | ||
| 008 | 060314 1997 xxu 000 0 eng d | ||
| 020 | |a 0816905886 | ||
| 035 | |a vtls008631148 | ||
| 039 | 9 | |y 200603141209 |z mschk03 | |
| 040 | |a STUSCHK1 |b slo |c STUSCHK1 |e AACR2 | ||
| 080 | |a 614.8 | ||
| 245 | 1 | |a Guidelines for Postrelease Mitigation Technology in the Chemical Process Industry | |
| 260 | |a New York |b Center for Chemical Process Safety of the AICHE |c 1997 | ||
| 300 | |a 175 p. | ||
| 650 | 0 | |a postrelease mitigation technology |x chemical process industry | |
| 910 | |a SCHK95 | ||
| 919 | |a 0-8169-0588-6 | ||
| 999 | |c 167 |d 167 | ||